Los 500 municipios más poblados de España en una mapa - Estadísticas

Estadísticas generales
  • Esta prueba ha sido intentada 12.369 veces
    2.867 desde el último reinicio
  • La puntuación promedio es 150 de 500
Respuestas en el mapa
Las respuestas están codificadas por una escala verde-roja en el mapa de la prueba según el % correcto abajo.
 
Estadísticas de respuestas
TOP Municipio Comunidad Población % Correcto
1 Madrid C. de Madrid 3 477 497
93%
2 Barcelona Cataluña 1 713 247
92%
3 València C. de Valencia 841 558
88%
5 Sevilla Andalucía 688 714
87%
4 Zaragoza Aragón 699 007
87%
6 Málaga Andalucía 597 173
85%
18 A Coruña Galicia 251 277
83%
11 Bilbao País Vasco 350 975
83%
7 Murcia Murcia 477 631
83%
59 Cádiz Andalucía 110 123
82%
54 León Castilla León 124 091
82%
12 Córdoba Andalucía 324 159
81%
20 Granada Andalucía 235 294
81%
48 Huelva Andalucía 143 774
81%
68 Lugo Galicia 100 071
81%
24 Oviedo Asturias 223 576
81%
14 Vigo Galicia 295 735
81%
44 Badajoz Extremadura 150 870
80%
73 Cáceres Extremadura 96 598
80%
61 Girona Cataluña 108 352
80%
8 Palma Islas Baleares 443 196
80%
419 Palma del Río Andalucía 20 535
80%
10 Alacant/Alicante C. de Valencia 365 586
79%
30 Almería Andalucía 204 772
79%
35 Donostia/San Sebastián País Vasco 189 507
79%
16 Gijón Asturias 271 259
79%
139 Huesca Aragón 55 033
79%
45 Lleida Cataluña 147 369
79%
39 Santander Cantabria 175 082
79%
85 Toledo Castilla La Mancha 87 074
79%
13 Valladolid Castilla León 301 798
79%
40 Albacete Castilla La Mancha 175 068
78%
62 Ourense Galicia 105 609
78%
29 Pamplona/Iruña Navarra 209 676
78%
46 Salamanca Castilla León 145 583
78%
49 Tarragona Cataluña 143 260
78%
37 Burgos Castilla León 178 370
77%
36 Castelló de la Plana C. de Valencia 183 709
77%
57 Jaén Andalucía 112 119
77%
9 Las Palmas de Gran Canaria Canarias 384 023
76%
92 Ceuta * 83 567
75%
86 Melilla * 87 067
75%
103 Palencia Castilla León 77 369
75%
66 Santiago de Compostela Galicia 100 842
75%
213 Teruel Aragón 36 521
75%
105 Ciudad Real Castilla La Mancha 76 087
74%
128 Mérida Extremadura 60 319
73%
93 Pontevedra Galicia 83 339
73%
144 Cuenca Castilla La Mancha 53 761
72%
33 Getafe C. de Madrid 195 628
72%
43 Logroño La Rioja 151 681
72%
131 Zamora Castilla León 59 857
72%
28 Santa Cruz de Tenerife Canarias 211 498
71%
181 Soria Castilla León 40 941
71%
17 Vitoria-Gasteiz País Vasco 260 402
71%
25 Cartagena Murcia 220 400
70%
343 Ibi C. de Valencia 24 662
70%
72 San Sebastián de los Reyes C. de Madrid 97 330
70%
150 Segovia Castilla León 52 189
70%
132 Ávila Castilla León 59 480
69%
76 Guadalajara Castilla La Mancha 92 798
69%
26 Jerez de la Frontera Andalucía 215 025
68%
141 Eivissa Islas Baleares 54 628
67%
15 L'Hospitalet de Llobregat Cataluña 292 161
67%
19 Elx/Elche C. de Valencia 245 575
63%
42 Marbella Andalucía 160 478
63%
102 Alcalá de Guadaíra Andalucía 77 718
62%
31 Alcalá de Henares C. de Madrid 202 549
62%
395 Alcalá la Real Andalucía 21 577
62%
32 Leganés C. de Madrid 195 946
62%
104 Benidorm C. de Valencia 77 211
59%
27 Móstoles C. de Madrid 214 293
58%
22 Badalona Cataluña 230 642
57%
283 Sant Antoni de Portmany Islas Baleares 29 455
57%
38 Alcorcón C. de Madrid 176 806
56%
50 Dos Hermanas Andalucía 142 463
56%
53 Algeciras Andalucía 126 500
55%
125 Ponferrada Castilla León 63 112
55%
122 Ferrol Galicia 64 903
54%
90 Talavera de la Reina Castilla La Mancha 84 413
53%
58 Reus Cataluña 111 911
52%
34 Fuenlabrada C. de Madrid 189 814
51%
124 Irun País Vasco 63 737
50%
23 Sabadell Cataluña 224 589
50%
21 Terrassa Cataluña 232 676
49%
107 Avilés Asturias 75 915
48%
65 Barakaldo País Vasco 103 084
48%
145 Vila-real C. de Valencia 53 634
47%
94 Gandia C. de Valencia 82 909
46%
75 San Fernando Andalucía 93 490
46%
194 San Fernando de Henares C. de Madrid 39 033
46%
111 Vilanova i la Geltrú Cataluña 71 305
46%
186 Plasencia Extremadura 40 224
45%
56 Alcobendas C. de Madrid 123 222
44%
81 El Puerto de Santa María Andalucía 90 242
44%
89 Fuengirola Andalucía 84 857
44%
423 Lalín Galicia 20 255
44%
70 Lorca Murcia 98 613
44%
51 Parla C. de Madrid 138 012
44%
112 Torremolinos Andalucía 71 270
44%
123 Aranjuez C. de Madrid 63 838
43%
52 Mataró Cataluña 131 370
43%
212 Miranda de Ebro Castilla León 36 617
43%
160 Dénia C. de Valencia 47 568
42%
106 Getxo País Vasco 75 967
42%
259 Maó Islas Baleares 30 986
42%
60 Roquetas de Mar Andalucía 110 054
42%
41 San Cristóbal de La Laguna Canarias 161 927
42%
466 Tarifa Andalucía 18 627
42%
80 El Ejido Andalucía 90 617
41%
69 Las Rozas de Madrid C. de Madrid 99 579
41%
313 Sant Joan d'Alacant C. de Valencia 26 772
41%
219 Sant Joan Despí Cataluña 35 811
41%
67 Torrevieja C. de Valencia 100 470
41%
120 La Línea de la Concepción Andalucía 65 420
40%
96 Manresa Cataluña 80 692
40%
136 Pinto C. de Madrid 56 592
40%
47 Torrejón de Ardoz C. de Madrid 144 211
40%
87 Valdemoro C. de Madrid 86 078
40%
137 Linares Andalucía 55 689
39%
197 Tudela Navarra 38 773
39%
153 Vic Cataluña 50 405
39%
303 Eibar País Vasco 27 464
38%
155 Manacor Islas Baleares 49 275
38%
129 Motril Andalucía 60 160
38%
82 Pozuelo de Alarcón C. de Madrid 89 474
38%
258 Salou Cataluña 31 018
38%
151 Torrelavega Cantabria 51 668
38%
233 Aranda de Duero Castilla León 33 904
37%
100 Benalmádena Andalucía 78 787
37%
244 Ciutadella de Menorca Islas Baleares 32 719
37%
98 Estepona Andalucía 79 593
37%
64 Rivas-Vaciamadrid C. de Madrid 103 243
37%
429 Calatayud Aragón 20 152
36%
79 Chiclana de la Frontera Andalucía 90 997
36%
109 Majadahonda C. de Madrid 73 662
36%
71 Sant Cugat del Vallès Cataluña 97 959
36%
236 Úbeda Andalucía 33 605
36%
84 Vélez-Málaga Andalucía 87 798
36%
359 Villanueva de la Cañada C. de Madrid 23 784
36%
322 Villanueva de la Serena Extremadura 25 751
36%
471 Villanueva del Pardillo C. de Madrid 18 415
36%
255 Coria del Río Andalucía 31 292
35%
77 Cornellà de Llobregat Cataluña 92 255
35%
202 Don Benito Extremadura 38 009
35%
154 Figueres Cataluña 49 556
35%
235 Ronda Andalucía 33 708
35%
362 San Juan de Aznalfarache Andalucía 23 455
35%
114 Sanlúcar de Barrameda Andalucía 69 952
35%
119 El Prat de Llobregat Cataluña 66 251
34%
165 Puertollano Castilla La Mancha 45 699
34%
55 Santa Coloma de Gramenet Cataluña 123 250
34%
78 Torrent Cataluña 91 353
34%
126 Alcoi/Alcoy C. de Valencia 61 613
33%
113 Arrecife Canarias 70 265
33%
97 Coslada C. de Madrid 80 365
33%
91 Orihuela C. de Valencia 84 279
33%
237 Castro-Urdiales Cantabria 33 392
32%
196 Los Palacios y Villafranca Andalucía 38 778
32%
110 Sagunt/Sagunto C. de Valencia 73 416
32%
177 Antequera Andalucía 41 823
31%
115 Castelldefels Cataluña 69 689
31%
116 Collado Villalba C. de Madrid 67 956
31%
74 Mijas Andalucía 94 320
31%
167 Portugalete País Vasco 44 864
31%
63 Telde Canarias 104 933
31%
264 Xàbia/Jávea C. de Valencia 30 817
31%
417 Benicàssim/Benicasim C. de Valencia 20 586
30%
292 Sant Vicenç dels Horts Cataluña 28 760
30%
127 Sant Vicent del Raspeig/San Vicente del Raspeig C. de Valencia 60 428
30%
330 Calahorra La Rioja 25 292
29%
138 Elda C. de Valencia 55 554
29%
281 Rota Andalucía 29 620
29%
247 Sant Pere de Ribes Cataluña 32 613
29%
217 Tortosa Cataluña 36 258
29%
142 Tres Cantos C. de Madrid 54 506
29%
304 Calp C. de Valencia 27 440
28%
176 Lloret de Mar Cataluña 41 944
28%
424 Medina del Campo Castilla León 20 238
28%
385 Nerja Andalucía 22 062
28%
208 Tomelloso Castilla La Mancha 37 185
28%
495 Tui Galicia 17 499
28%
148 Utrera Andalucía 52 489
28%
203 Vilagarcía de Arousa Galicia 37 975
28%
205 Águilas Murcia 37 761
27%
168 Alcantarilla Murcia 43 791
27%
228 Almendralejo Extremadura 34 544
27%
130 Arganda del Rey C. de Madrid 60 105
27%
383 Ayamonte Andalucía 22 238
27%
209 Cambrils Cataluña 37 068
27%
314 Cangas Galicia 26 698
27%
355 Conil de la Frontera Andalucía 24 133
27%
188 Écija Andalucía 39 797
27%
278 Lepe Andalucía 29 869
27%
191 Olot Cataluña 39 516
27%
426 Roses Cataluña 20 175
27%
88 Sant Boi de Llobregat Cataluña 85 317
27%
482 Sanxenxo Galicia 17 990
27%
246 Sitges Cataluña 32 690
27%
152 Adeje Canarias 50 612
26%
298 Almuñécar Andalucía 28 011
26%
271 Benicarló C. de Valencia 30 394
26%
287 Camas Andalucía 29 191
26%
432 Chipiona Andalucía 20 078
26%
461 Guadix Andalucía 18 877
26%
216 Mieres Asturias 36 368
26%
95 Rubí Cataluña 82 825
26%
275 Villaviciosa de Odón C. de Madrid 30 068
26%
260 Xàtiva C. de Valencia 30 925
26%
214 Yecla Murcia 36 398
26%
361 Zarautz País Vasco 23 467
26%
487 Barbastro Aragón 17 799
25%
118 Boadilla del Monte C. de Madrid 66 319
25%
134 Colmenar Viejo C. de Madrid 58 654
25%
121 Granollers Cataluña 65 123
25%
261 Hellín Castilla La Mancha 30 911
25%
454 Monforte de Lemos Galicia 18 989
25%
297 Paiporta C. de Valencia 28 237
25%
280 San Pedro del Pinatar Murcia 29 726
25%
366 Sant Feliu de Guíxols Cataluña 23 060
25%
162 Sant Feliu de Llobregat Cataluña 46 688
25%
329 Torrelodones C. de Madrid 25 324
25%
346 Almansa Castilla La Mancha 24 603
24%
375 Barbate Andalucía 22 686
24%
394 Isla Cristina Andalucía 21 617
24%
199 Langreo Asturias 38 615
24%
108 Paterna C. de Valencia 75 805
24%
403 Requena C. de Valencia 21 050
24%
215 San Javier Murcia 36 385
24%
309 Sant Andreu de la Barca Cataluña 27 069
24%
190 Santa Pola C. de Valencia 39 622
24%
163 Santurtzi País Vasco 46 530
24%
252 Alcázar de San Juan Castilla La Mancha 31 907
23%
367 Amposta Cataluña 23 047
23%
83 Arona Canarias 89 036
23%
373 Arroyo de la Encomienda Castilla León 22 778
23%
344 Cullera C. de Valencia 24 621
23%
240 Illescas Castilla La Mancha 33 167
23%
457 San Lorenzo de El Escorial C. de Madrid 18 942
23%
265 Sant Josep de sa Talaia Islas Baleares 30 702
23%
448 Utebo Aragón 19 135
23%
266 Valdepeñas Castilla La Mancha 30 698
23%
171 Vilafranca del Penedès Cataluña 42 561
23%
269 Vinaròs C. de Valencia 30 516
23%
332 Almonte Andalucía 25 236
22%
338 Altea C. de Valencia 24 731
22%
220 Azuqueca de Henares Castilla La Mancha 35 733
22%
175 Blanes Cataluña 42 446
22%
158 Gavà Cataluña 48 181
22%
174 Igualada Cataluña 42 449
22%
169 Lucena Andalucía 43 410
22%
101 Molina de Segura Murcia 78 210
22%
238 Navalcarnero C. de Madrid 33 352
22%
295 Sestao País Vasco 28 473
22%
377 Alcúdia Islas Baleares 22 459
21%
229 Arteixo Galicia 34 389
21%
416 Baza Andalucía 20 657
21%
494 Berga Cataluña 17 539
21%
267 Catarroja C. de Valencia 30 612
21%
489 Manzanares Castilla La Mancha 17 699
21%
469 Monzón Aragón 18 465
21%
173 Puerto Real Andalucía 42 472
21%
430 Tolosa País Vasco 20 121
21%
327 Villarrobledo Castilla La Mancha 25 418
21%
221 Andújar Andalucía 35 677
20%
320 Caravaca de la Cruz Murcia 26 236
20%
135 Cerdanyola del Vallès Cataluña 58 264
20%
223 Cieza Cantabria 35 452
20%
218 Inca Islas Baleares 36 076
20%
279 La Oliva Canarias 29 864
20%
351 Mairena del Alcor Andalucía 24 354
20%
159 Mairena del Aljarafe Andalucía 48 032
20%
408 O Porriño Galicia 20 935
20%
301 Paracuellos de Jarama C. de Madrid 27 649
20%
277 Puente Genil Andalucía 29 977
20%
172 Santa Eulària des Riu Islas Baleares 42 496
20%
99 Santa Lucía de Tirajana Canarias 79 506
20%
117 Viladecans Cataluña 67 536
20%
166 Alhaurín de la Torre Andalucía 45 324
19%
302 Alhaurín el Grande Andalucía 27 610
19%
156 Alzira C. de Valencia 48 604
19%
378 Arrasate/Mondragón País Vasco 22 411
19%
185 Basauri País Vasco 40 262
19%
270 Carmona Andalucía 30 408
19%
273 Durango País Vasco 30 181
19%
192 Errenteria País Vasco 39 341
19%
211 Galapagar C. de Madrid 36 805
19%
493 Guadarrama C. de Madrid 17 545
19%
305 Jumilla Murcia 27 434
19%
206 La Vila Joiosa/Villajoyosa C. de Valencia 37 578
19%
357 Marín Galicia 23 976
19%
222 Mazarrón Murcia 35 642
19%
147 Mollet del Vallès Cataluña 52 759
19%
407 San Martín de la Vega C. de Madrid 20 936
19%
224 San Roque Andalucía 34 873
19%
195 Sant Adrià de Besòs Cataluña 38 980
19%
262 Seseña Castilla La Mancha 30 889
19%
180 Torre-Pacheco Murcia 41 158
19%
225 Villena C. de Valencia 34 729
19%
438 Amorebieta-Etxano País Vasco 19 639
18%
256 Arcos de la Frontera Andalucía 31 281
18%
204 Borriana/Burriana C. de Valencia 37 803
18%
143 Calvià Islas Baleares 54 082
18%
488 Daimiel Castilla La Mancha 17 741
18%
418 Humanes de Madrid C. de Madrid 20 549
18%
243 Manises C. de Valencia 32 747
18%
290 Martorell Cataluña 28 989
18%
382 Moncada C. de Valencia 22 252
18%
207 Montcada i Reixac Cataluña 37 446
18%
187 Narón Galicia 39 890
18%
312 Oliva C. de Valencia 26 820
18%
210 Ontinyent C. de Valencia 36 847
18%
164 Puerto del Rosario Canarias 46 182
18%
291 Redondela Galicia 28 928
18%
149 Rincón de la Victoria Andalucía 52 355
18%
276 San Andrés del Rabanedo Castilla León 29 996
18%
282 Sueca C. de Valencia 29 544
18%
425 Vera Andalucía 20 193
18%
353 Alhama de Murcia Murcia 24 227
17%
178 Burjassot C. de Valencia 41 743
17%
251 Carballo Galicia 32 095
17%
157 Esplugues de Llobregat Cataluña 48 424
17%
368 Laguna de Duero Castilla León 22 999
17%
307 Morón de la Frontera Andalucía 27 200
17%
242 Níjar Andalucía 32 772
17%
198 Oleiros Galicia 38 750
17%
458 Palamós Cataluña 18 921
17%
253 Puerto de la Cruz Canarias 31 589
17%
437 San Bartolomé Canarias 19 744
17%
140 San Bartolomé de Tirajana Canarias 54 925
17%
146 Siero Asturias 52 997
17%
389 Torrox Andalucía 21 795
17%
230 Totana Murcia 34 162
17%
490 Balaguer Cataluña 17 667
16%
319 Ciempozuelos C. de Madrid 26 254
16%
422 Hernani País Vasco 20 378
16%
299 La Pobla de Vallbona C. de Valencia 27 777
16%
300 Lebrija Andalucía 27 767
16%
347 Los Barrios Andalucía 24 588
16%
315 Novelda C. de Valencia 26 612
16%
231 Petrer C. de Valencia 34 035
16%
364 Picassent C. de Valencia 23 157
16%
486 Pollença Islas Baleares 17 801
16%
227 Salt Cataluña 34 603
16%
420 Silla C. de Valencia 20 484
16%
453 Tàrrega Cataluña 18 991
16%
324 Adra Andalucía 25 579
15%
402 Algete C. de Madrid 21 194
15%
200 Arroyomolinos Extremadura 38 185
15%
433 Cabra Andalucía 19 986
15%
414 Calella Cataluña 20 775
15%
263 Crevillent C. de Valencia 30 880
15%
179 El Vendrell Cataluña 41 195
15%
170 La Orotava Canarias 42 669
15%
409 Loja Andalucía 20 923
15%
349 Martos Andalucía 24 441
15%
335 Mejorada del Campo C. de Madrid 24 976
15%
161 Mislata C. de Valencia 47 003
15%
318 Onda C. de Valencia 26 297
15%
326 Valls Cataluña 25 540
15%
331 Armilla Andalucía 25 259
14%
472 Baena Andalucía 18 335
14%
456 Boiro Galicia 18 958
14%
248 Calafell Cataluña 32 429
14%
285 Cártama Andalucía 29 264
14%
316 Coín Andalucía 26 474
14%
470 El Astillero Cantabria 18 445
14%
254 El Campello C. de Valencia 31 567
14%
463 Huércal de Almería Andalucía 18 763
14%
412 Huércal-Overa Andalucía 20 801
14%
182 La Rinconada Andalucía 40 747
14%
398 La Unión Murcia 21 318
14%
249 La Vall d'Uixó C. de Valencia 32 220
14%
245 Leioa País Vasco 32 708
14%
474 Lora del Río Andalucía 18 215
14%
446 Moaña Galicia 19 316
14%
384 Montilla Andalucía 22 192
14%
284 Premià de Mar Cataluña 29 348
14%
308 Ribeira Galicia 27 110
14%
475 Torredembarra Cataluña 18 190
14%
317 Alboraia/Alboraya C. de Valencia 26 324
13%
226 Aldaia C. de Valencia 34 644
13%
296 Algemesí C. de Valencia 28 248
13%
410 Banyoles Cataluña 20 887
13%
365 Bormujos Andalucía 23 086
13%
133 Granadilla de Abona Canarias 59 126
13%
468 Guardamar del Segura C. de Valencia 18 541
13%
444 Lasarte-Oria País Vasco 19 413
13%
479 Laudio/Llodio País Vasco 18 063
13%
323 Llíria C. de Valencia 25 613
13%
183 Llucmajor Islas Baleares 40 450
13%
428 Los Alcázares Murcia 20 163
13%
415 Los Llanos de Aridane Canarias 20 662
13%
480 Manilva Andalucía 18 044
13%
443 Marchena Andalucía 19 416
13%
306 Molins de Rei Cataluña 27 291
13%
483 Mula Murcia 17 986
13%
476 Nigrán Galicia 18 156
13%
348 Palafrugell Cataluña 24 556
13%
274 Pineda de Mar Cataluña 30 071
13%
500 Poio Galicia 17 426
13%
390 Priego de Córdoba Andalucía 21 731
13%
473 Puerto Lumbreras Murcia 18 240
13%
310 Quart de Poblet C. de Valencia 26 939
13%
358 Teguise Canarias 23 946
13%
325 Tomares Andalucía 25 577
13%
354 Vila-seca Cataluña 24 158
13%
400 Vilassar de Mar Cataluña 21 234
13%
464 Yaiza Canarias 18 698
13%
431 A Estrada Galicia 20 101
12%
239 Ames Galicia 33 213
12%
232 Barberà del Vallès Cataluña 34 031
12%
393 Cartaya Andalucía 21 639
12%
257 Culleredo Galicia 31 232
12%
339 El Masnou Cataluña 24 727
12%
337 Galdakao País Vasco 24 767
12%
342 Icod de los Vinos Canarias 24 675
12%
445 La Nucia C. de Valencia 19 329
12%
371 Las Torres de Cotillas Murcia 22 814
12%
379 Maracena Andalucía 22 372
12%
356 Moguer Andalucía 24 014
12%
293 Mutxamel C. de Valencia 28 689
12%
345 Riba-roja de Túria C. de Valencia 24 609
12%
189 Ripollet Cataluña 39 773
12%
352 San Miguel de Abona Canarias 24 307
12%
436 Albolote Andalucía 19 770
11%
381 Alfafar C. de Valencia 22 266
11%
289 Almassora C. de Valencia 29 094
11%
193 Arucas Canarias 39 193
11%
440 Barañáin/Barañain Navarra 19 588
11%
294 Bétera C. de Valencia 28 605
11%
401 Burlada/Burlata Navarra 21 229
11%
467 Caldes de Montbui Cataluña 18 554
11%
268 Camargo Cantabria 30 557
11%
388 Carcaixent C. de Valencia 21 893
11%
478 Chiva C. de Valencia 18 122
11%
340 Erandio País Vasco 24 721
11%
333 Gáldar Canarias 25 167
11%
404 L'Alfàs del Pi C. de Valencia 21 046
11%
360 Las Gabias Andalucía 23 763
11%
421 La Zubia Andalucía 20 398
11%
439 Malgrat de Mar Cataluña 19 630
11%
397 Manlleu Cataluña 21 321
11%
184 Marratxí Islas Baleares 40 434
11%
334 Olesa de Montserrat Cataluña 25 000
11%
350 Pilar de la Horadada C. de Valencia 24 359
11%
363 Ponteareas Galicia 23 206
11%
391 Puçol C. de Valencia 21 685
11%
497 Sada Galicia 17 469
11%
405 Sant Just Desvern Cataluña 21 045
11%
427 Sant Quirze del Vallès Cataluña 20 175
11%
484 Tavernes de la Valldigna C. de Valencia 17 933
11%
452 Teo Galicia 19 038
11%
372 Valle de Egüés/Eguesibar Navarra 22 785
11%
455 Villaquilambre Castilla León 18 968
11%
250 Xirivella C. de Valencia 32 178
11%
272 Alaquàs C. de Valencia 30 352
10%
374 Aljaraque Andalucía 22 772
10%
441 Arahal Andalucía 19 558
10%
413 Archena Murcia 20 795
10%
380 Aspe C. de Valencia 22 354
10%
406 Atarfe Andalucía 20 952
10%
336 Cambre Galicia 24 771
10%
286 Candelaria Canarias 29 240
10%
450 Cardedeu Cataluña 19 050
10%
328 Castellar del Vallès Cataluña 25 395
10%
481 El Rosario Canarias 18 028
10%
442 El Viso del Alcor Andalucía 19 473
10%
376 Esparreguera Cataluña 22 639
10%
447 Felanitx Islas Baleares 19 215
10%
477 Mungia País Vasco 18 135
10%
460 Parets del Vallès Cataluña 18 899
10%
321 Santa Perpètua de Mogoda Cataluña 26 101
10%
459 Sant Celoni Cataluña 18 916
10%
341 Tacoronte Canarias 24 694
10%
451 Tordera Cataluña 19 047
10%
288 Vícar Andalucía 29 104
10%
234 Agüimes Canarias 33 875
9%
499 Albal C. de Valencia 17 432
9%
369 Almoradí C. de Valencia 22 874
9%
435 Callosa de Segura C. de Valencia 19 895
9%
387 Castrillón Asturias 21 986
9%
491 Cubelles Cataluña 17 648
9%
449 Fuente Álamo de Murcia Murcia 19 088
9%
370 Guía de Isora Canarias 22 846
9%
241 Ingenio Canarias 32 846
9%
434 L'Eliana C. de Valencia 19 952
9%
396 Mogán Canarias 21 403
9%
311 Piélagos Cantabria 26 859
9%
485 Piera Cataluña 17 884
9%
392 Tías Canarias 21 671
9%
498 Canovelles Cataluña 17 445
8%
386 Güímar Canarias 22 010
8%
411 Les Franqueses del Vallès Cataluña 20 855
8%
201 Los Realejos Canarias 38 161
8%
492 Massamagrell C. de Valencia 17 564
8%
399 Pájara Canarias 21 254
8%
496 Rojales C. de Valencia 17 488
8%
462 Santa Brígida Canarias 18 790
8%
465 Villalbilla C. de Madrid 18 661
7%
No se encontraron pruebas coincidentes
Distribución de puntuación
Porcentaje de gente con cada puntuación
Porcentaje por número respondido
Historial de tus puntuaciones
No has intentado esta prueba desde el último reinicio